000 00673nam a2200181Ia 4500
008 151202s9999||||xx |||||||||||||| ||und||
082 _bPNVM-45757
100 _aरेगे डी.डी.
245 _aश्री सदगुरु जंगली महाराज.
260 _b"कान्टिनेंटल प्रकाशन,पुणे."
260 _c2004
300 _a112
600 _aरेगे डी.डी.
630 _aश्री सदगुरु जंगली महाराज.
700 _aरेगे डी.डी.
730 _aश्री सदगुरु जंगली महाराज.
942 _cBOOK
999 _c1311708
_d1311705